[Event "Goldmoney Asian Prelim"]
[Site "chess24.com INT"]
[Date "2021.06.26"]
[Round "1.1"]
[White "Adhiban, Baskaran"]
[Black "Aronian, Levon"]
[Result "0-1"]
[WhiteTitle "GM"]
[BlackTitle "GM"]
[WhiteElo "2660"]
[BlackElo "2781"]
[WhiteFideId "5018471"]
[BlackFideId "13300474"]
[EventDate "2021.06.26"]

1. Nf3 d5 2. c4 d4 3. b4 c5 4. e3 Nf6 5. b5 Qc7 6. exd4 cxd4 7. d3 e5 8. Bg5
Bb4+ 9. Nbd2 Nfd7 10. Be2 O-O 11. O-O Nc5 12. Nb3 Nbd7 13. Rb1 Nxb3 14. axb3 a6
15. Ra1 Nc5 16. Bh4 f6 17. Bg3 Qb6 18. bxa6 Rxa6 19. Rxa6 Qxa6 20. Ne1 Qa2 21.
Nc2 Bc3 22. b4 Na4 23. Qb1 Qxb1 24. Rxb1 Bf5 25. f3 Nb2 26. Be1 Nxd3 27. Bxc3
Nf4 28. Bd1 dxc3 29. g3 Nh3+ 30. Kf1 Rd8 31. Rc1 Rxd1+ 32. Rxd1 Bxc2 33. Rc1
Bd3+ 34. Kg2 Ng5 35. Rxc3 Be2 36. f4 Ne4 37. Rc1 Kf7 38. fxe5 fxe5 39. Kg1 Ke6
40. Re1 Bd3 41. Re3 Bb1 42. Re1 Nc3 43. Kf2 Bd3 44. c5 Nd5 45. Rd1 e4 46. Rd2
e3+ 0-1

[Event "Goldmoney Asian Prelim"]
[Site "chess24.com INT"]
[Date "2021.06.26"]
[Round "1.2"]
[White "Ding, Liren"]
[Black "Artemiev, Vladislav"]
[Result "1-0"]
[WhiteTitle "GM"]
[BlackTitle "GM"]
[WhiteElo "2799"]
[BlackElo "2704"]
[WhiteFideId "8603677"]
[BlackFideId "24101605"]
[EventDate "2021.06.26"]

1. d4 d5 2. c4 e6 3. Nf3 Nf6 4. g3 h6 5. Bg2 Bd6 6. O-O O-O 7. b3 b6 8. Nc3 Bb7
9. Bb2 Nbd7 10. Rc1 c5 11. cxd5 Nxd5 12. Nxd5 Bxd5 13. dxc5 Bxc5 14. b4 Be7 15.
Nd4 Bxg2 16. Kxg2 Bf6 17. Nc6 Qe8 18. Bxf6 Nxf6 19. Qd6 Kh7 20. Rfd1 Ne4 21. Qe5
f5 22. Nd4 Rf6 23. Rc7 Rc8 24. Nxe6 Rxc7 25. Ng5+ Nxg5 26. Qxe8 Rc2 27. Rd8 Ne6
28. Qg8+ Kg6 29. Re8 Rxe2 30. Kf1 Re5 31. Re7 a6 32. h3 h5 33. h4 f4 34. gxf4
Re4 35. Qe8+ Kf5 36. Qxh5+ Kxf4 37. Rxg7 Rf5 38. Rg4+ Ke5 39. Qh8+ Kd5 40. Qa8+ 1-0

[Event "Goldmoney Asian Prelim"]
[Site "chess24.com INT"]
[Date "2021.06.26"]
[Round "1.5"]
[White "Vidit, Santosh Gujrathi"]
[Black "Giri, Anish"]
[Result "1/2-1/2"]
[WhiteTitle "GM"]
[BlackTitle "GM"]
[WhiteElo "2726"]
[BlackElo "2780"]
[WhiteFideId "5029465"]
[BlackFideId "24116068"]
[EventDate "2021.06.26"]

1. d4 d5 2. c4 c6 3. Nc3 Nf6 4. e3 e6 5. Nf3 Nbd7 6. Qc2 Bd6 7. b3 O-O 8. Be2 e5
9. cxd5 e4 10. Nxe4 Nxe4 11. Qxe4 Nf6 12. Qc2 cxd5 13. O-O Ne4 14. Nd2 Bf5 15.
Nxe4 Bxe4 16. Qd1 Rc8 17. Bf3 Qc7 18. g3 Qc2 19. Qxc2 Rxc2 20. Bd1 Rc6 21. a3
Rfc8 22. Bd2 f5 23. Re1 a6 24. f3 Bd3 25. Kf2 g6 26. Ra2 Kg7 27. Ba5 Rc1 28. Rd2
Bb1 29. Bb4 Bxb4 30. axb4 R1c3 31. Ke2 Re8 32. Kf2 Bd3 33. Ra2 Rec8 34. Ra5 Bb5
35. Be2 Rc2 36. Kf1 Rb2 37. Bxb5 axb5 38. Re2 Rc1+ 39. Kf2 Rcc2 40. Rxc2 Rxc2+
41. Kg1 Rc1+ 42. Kg2 Rc2+ 43. Kf1 Rc1+ 44. Ke2 Rc2+ 45. Kd3 Rb2 46. Rxb5 Rxb3+
47. Kd2 Rb2+ 48. Kc3 Rxh2 49. Rxb7+ Kf6 50. b5 Re2 51. b6 Rxe3+ 52. Kb4 Rxf3 53.
Rxh7 Rf1 54. b7 Rb1+ 55. Kc5 Kg5 56. Kxd5 Kg4 57. Ke5 Kxg3 58. d5 f4 59. d6 f3
60. Rg7 Kh3 61. d7 f2 62. d8=Q Re1+ 63. Kd4 Rd1+ 64. Ke3 f1=N+ 65. Kf2 Rxd8 66.
Kxf1 Rb8 67. Ke2 g5 68. Kf3 g4+ 69. Kf4 Rf8+ 70. Ke5 g3 71. Kd6 Rb8 72. Kc7
Rxb7+ 73. Kxb7 g2 74. Kc6 Kh2 75. Rxg2+ Kxg2 1/2-1/2

[Event "Goldmoney Asian Prelim"]
[Site "chess24.com INT"]
[Date "2021.06.26"]
[Round "1.7"]
[White "Hou, Yifan"]
[Black "Salem, A.R. Saleh"]
[Result "1/2-1/2"]
[WhiteTitle "GM"]
[BlackTitle "GM"]
[WhiteElo "2658"]
[BlackElo "2682"]
[WhiteFideId "8602980"]
[BlackFideId "9301348"]
[EventDate "2021.06.26"]

1. e4 c6 2. Nc3 d5 3. d4 dxe4 4. Nxe4 Nf6 5. Nxf6+ exf6 6. c3 Bd6 7. Bd3 O-O 8.
Qc2 Re8+ 9. Ne2 h5 10. Be3 Nd7 11. Ng3 Nb6 12. O-O-O Nd5 13. Bd2 Nf4 14. Bxf4
Bxf4+ 15. Kb1 Qa5 16. d5 h4 17. Nf5 cxd5 18. g3 Bxf5 19. Bxf5 Bh6 20. Rd4 Re5
21. Rhd1 hxg3 22. hxg3 Rae8 23. Bd7 R8e7 24. Bg4 g6 25. Bf3 Kg7 26. Rxd5 Qb6 27.
a4 a5 28. Rd6 Qc5 29. R6d4 b5 30. axb5 Qxb5 31. Rd5 Qb6 32. Rd6 Qc5 33. R6d5 Qb6
34. Rd6 Qa7 35. R6d4 Qb6 36. Rd6 1/2-1/2

[Event "Goldmoney Asian Prelim"]
[Site "chess24.com INT"]
[Date "2021.06.26"]
[Round "1.8"]
[White "So, Wesley"]
[Black "Svidler, Peter"]
[Result "1/2-1/2"]
[WhiteTitle "GM"]
[BlackTitle "GM"]
[WhiteElo "2770"]
[BlackElo "2714"]
[WhiteFideId "5202213"]
[BlackFideId "4102142"]
[EventDate "2021.06.26"]

1. Nf3 d5 2. d4 Nf6 3. c4 c6 4. e3 a6 5. Bd3 Bg4 6. Nbd2 e6 7. O-O Be7 8. Qc2
Nbd7 9. b3 Bh5 10. Bb2 Rc8 11. Rac1 O-O 12. Ne5 c5 13. cxd5 Nxe5 14. dxe5 Nxd5
15. a3 Bg6 16. Bxg6 hxg6 17. Rfd1 Qc7 18. Ne4 Qc6 19. Nd6 Rc7 20. e4 Nb6 21. a4
Nc8 22. Qc3 Rd8 23. Rd3 Bf8 24. Rcd1 Rcd7 25. Nxc8 Qxc8 26. a5 c4 27. bxc4 Bb4
28. Qb3 Rxd3 29. Rxd3 Rxd3 30. Qxd3 Qc7 31. h3 Qxa5 32. Qd7 Qa2 33. Qd8+ Kh7 34.
Qh4+ Kg8 35. Qd8+ Kh7 36. Qh4+ Kg8 37. Qd8+ 1/2-1/2

[Event "Goldmoney Asian Prelim"]
[Site "chess24.com INT"]
[Date "2021.06.26"]
[Round "2.1"]
[White "Aronian, Levon"]
[Black "Svidler, Peter"]
[Result "1/2-1/2"]
[WhiteTitle "GM"]
[BlackTitle "GM"]
[WhiteElo "2781"]
[BlackElo "2714"]
[WhiteFideId "13300474"]
[BlackFideId "4102142"]
[EventDate "2021.06.26"]

1. Nf3 c5 2. c3 Nf6 3. d4 e6 4. Bf4 Nc6 5. e3 Nh5 6. Bg5 Be7 7. h4 h6 8. Bxe7
Qxe7 9. g4 Nf6 10. Rg1 d5 11. Nbd2 e5 12. Nxe5 Nxe5 13. dxe5 Qxe5 14. Qa4+ Bd7
15. Bb5 a6 16. Bxd7+ Nxd7 17. O-O-O O-O-O 18. g5 g6 19. Nf3 Qf5 20. Qg4 Qxg4 21.
Rxg4 hxg5 22. hxg5 f5 23. gxf6 Nxf6 24. Rg2 Rh5 25. Rdg1 Ne4 26. Ng5 Nxg5 27.
Rxg5 Rf8 28. f4 d4 29. Rxh5 gxh5 30. Kd2 h4 31. Rh1 dxe3+ 32. Kxe3 Rh8 33. Kf3
Kd7 34. Kg4 Rg8+ 35. Kf5 Rf8+ 36. Kg4 Rg8+ 37. Kf5 Rf8+ 38. Kg4 Rg8+ 1/2-1/2

[Event "Goldmoney Asian Prelim"]
[Site "chess24.com INT"]
[Date "2021.06.26"]
[Round "2.2"]
[White "Salem, A.R. Saleh"]
[Black "So, Wesley"]
[Result "0-1"]
[WhiteTitle "GM"]
[BlackTitle "GM"]
[WhiteElo "2682"]
[BlackElo "2770"]
[WhiteFideId "9301348"]
[BlackFideId "5202213"]
[EventDate "2021.06.26"]

1. d4 Nf6 2. c4 e6 3. Nc3 Bb4 4. a3 Bxc3+ 5. bxc3 c5 6. f3 d5 7. cxd5 Nxd5 8.
dxc5 Qa5 9. e4 Nf6 10. Be3 O-O 11. Kf2 Nfd7 12. a4 Nxc5 13. Qd6 Nxa4 14. Ne2 Bd7
15. h4 Rc8 16. h5 Qc7 17. Qd2 h6 18. g4 f6 19. Rd1 b5 20. Bg2 Nb6 21. Bf4 e5 22.
Bxh6 gxh6 23. Qxh6 Qc5+ 24. Nd4 Qf8 25. Qg6+ Qg7 26. Nf5 Bxf5 27. exf5 Nc6 28.
f4 exf4 29. Rhe1 Ne5 30. Rxe5 fxe5 31. f6 Qxg6 32. hxg6 Rd8 33. Rh1 Rd2+ 34. Ke1
Rxg2 35. Rh7 Rxg4 36. Rg7+ Kf8 37. Rf7+ Ke8 38. Re7+ Kd8 39. g7 Nd7 0-1

[Event "Goldmoney Asian Prelim"]
[Site "chess24.com INT"]
[Date "2021.06.26"]
[Round "2.3"]
[White "Carlsen, Magnus"]
[Black "Hou, Yifan"]
[Result "1-0"]
[WhiteTitle "GM"]
[BlackTitle "GM"]
[WhiteElo "2847"]
[BlackElo "2658"]
[WhiteFideId "1503014"]
[BlackFideId "8602980"]
[EventDate "2021.06.26"]

1. d4 Nf6 2. c4 e6 3. Nf3 d5 4. Nc3 c5 5. e3 dxc4 6. Bxc4 a6 7. O-O b5 8. Be2
Bb7 9. dxc5 Qxd1 10. Rxd1 Bxc5 11. Nd2 Nbd7 12. Nb3 Bb6 13. a4 b4 14. a5 Bd8 15.
Na4 Bd5 16. Nbc5 Bxa5 17. Bd2 O-O 18. Rdc1 Rfc8 19. Bxa6 Rc7 20. Bb5 Nxc5 21.
Nxc5 h6 22. Na6 Rxc1+ 23. Rxc1 Bb7 24. Nc5 Bd5 25. f3 b3 26. Bxa5 Rxa5 27. Ba4
Kf8 28. e4 Ba8 29. Bxb3 Ke7 30. Ba4 Ra7 31. b4 Ne8 32. Bxe8 Kxe8 33. b5 Rc7 34.
b6 Rc8 35. Ra1 Bc6 36. b7 Rb8 37. Ra6 1-0

[Event "Goldmoney Asian Prelim"]
[Site "chess24.com INT"]
[Date "2021.06.26"]
[Round "2.8"]
[White "Adhiban, Baskaran"]
[Black "Ding, Liren"]
[Result "0-1"]
[WhiteTitle "GM"]
[BlackTitle "GM"]
[WhiteElo "2660"]
[BlackElo "2799"]
[WhiteFideId "5018471"]
[BlackFideId "8603677"]
[EventDate "2021.06.26"]

1. Nf3 d5 2. c4 d4 3. b4 c5 4. e3 Nf6 5. b5 Nbd7 6. exd4 cxd4 7. Nxd4 Nc5 8. Bb2
e5 9. Nb3 Bf5 10. Nxc5 Bxc5 11. Be2 Qd6 12. O-O h5 13. d4 exd4 14. Bd3 Ng4 15.
g3 Bxd3 16. Qxd3 Ne5 17. Qf5 g6 18. Qe4 O-O 19. Nd2 Rfe8 20. Rfe1 Rad8 21. f4 f5
22. fxe5 fxe4 23. exd6 d3+ 24. Kg2 e3 25. Nb3 Bb4 26. c5 Bxe1 27. Rxe1 d2 28.
Rb1 e2 29. Nxd2 e1=Q 30. Rxe1 Rxe1 31. Nc4 Re2+ 32. Kh3 Rc2 33. Na5 Rxb2 34.
Nxb7 Rb8 35. c6 Rxb5 0-1

[Event "Goldmoney Asian Prelim"]
[Site "chess24.com INT"]
[Date "2021.06.26"]
[Round "3.1"]
[White "Ding, Liren"]
[Black "Aronian, Levon"]
[Result "1/2-1/2"]
[WhiteTitle "GM"]
[BlackTitle "GM"]
[WhiteElo "2799"]
[BlackElo "2781"]
[WhiteFideId "8603677"]
[BlackFideId "13300474"]
[EventDate "2021.06.26"]

1. d4 Nf6 2. c4 e6 3. g3 d5 4. Bg2 dxc4 5. Nf3 c5 6. O-O Nc6 7. Qa4 Bd7 8. dxc5
Na5 9. Qa3 Rc8 10. b4 cxb3 11. axb3 Rxc5 12. b4 Rb5 13. Nd4 Rxb4 14. Qxa5 Qxa5
15. Rxa5 Rxd4 16. Rxa7 Bc6 17. Be3 Rd7 18. Bxc6 bxc6 19. Ra6 Nd5 20. Rxc6 Nxe3
21. fxe3 Be7 22. Rc8+ Rd8 23. Rxd8+ Bxd8 24. Rc1 Kd7 25. Nd2 Bg5 26. Kf2 Rb8 27.
Nf3 Bf6 28. Rc4 h5 29. Ra4 Rb7 30. h3 g6 31. g4 hxg4 32. hxg4 Ke7 33. Rc4 Kf8
34. g5 Be7 35. e4 Rb5 36. e5 Ba3 37. Kg3 Ke8 38. Ra4 Bc5 39. Kf4 Rb3 40. Nd4 Rb1
41. Nf3 Rb3 42. Nd4 Rb2 43. e3 Kd7 44. Rc4 Bb6 45. Ra4 Rf2+ 46. Ke4 Bxd4 47.
exd4 Rf5 48. d5 exd5+ 49. Kxd5 Rxg5 50. Ra7+ Ke8 51. Kd6 Kf8 52. e6 fxe6 53.
Kxe6 Rf5 54. Rb7 Kg8 55. Ra7 Rf8 56. Rb7 Kh8 57. Ra7 Rf4 58. Rb7 g5 59. Rb5 g4
60. Rg5 Kh7 61. Ke5 Ra4 62. Kf5 Kh6 63. Rxg4 Rxg4 64. Kxg4 1/2-1/2

[Event "Goldmoney Asian Prelim"]
[Site "chess24.com INT"]
[Date "2021.06.26"]
[Round "3.6"]
[White "Hou, Yifan"]
[Black "Giri, Anish"]
[Result "1/2-1/2"]
[WhiteTitle "GM"]
[BlackTitle "GM"]
[WhiteElo "2658"]
[BlackElo "2780"]
[WhiteFideId "8602980"]
[BlackFideId "24116068"]
[EventDate "2021.06.26"]

1. e4 e5 2. Nf3 Nc6 3. Bb5 a6 4. Ba4 Nf6 5. O-O b5 6. Bb3 Bc5 7. c3 d6 8. d4 Bb6
9. h3 Bb7 10. Bg5 h6 11. Bxf6 Qxf6 12. Bd5 O-O 13. a4 Rab8 14. axb5 axb5 15. Na3
exd4 16. Nxb5 dxc3 17. Nxc3 Nd4 18. Nxd4 Bxd4 19. Bxb7 Rxb7 20. Nd5 Qe5 21. Ne7+
Qxe7 22. Qxd4 Rfb8 23. Ra6 Rxb2 24. Rc6 R2b4 25. Qc3 Rb1 26. Qc2 Rxf1+ 27. Kxf1
Qf6 28. Rc3 Rb1+ 29. Ke2 Rb4 30. Kf1 Rb1+ 31. Ke2 g6 32. g3 Qd4 33. Kf3 c5 34.
Rd3 Qf6+ 35. Kg2 Rb6 36. Qc4 Qe6 37. Qd5 Qxd5 38. Rxd5 f6 39. h4 Kf7 40. h5 gxh5
41. Rxh5 Rb4 42. Kf3 Kg6 43. Rd5 Rd4 44. Rxd4 cxd4 45. Ke2 Kg5 46. f3 f5 47. f4+
Kf6 48. Kd3 fxe4+ 49. Kxe4 h5 50. Kxd4 Kf5 51. Kd5 h4 52. gxh4 Kxf4 53. Kxd6 Kg4
54. h5 Kxh5 1/2-1/2

[Event "Goldmoney Asian Prelim"]
[Site "chess24.com INT"]
[Date "2021.06.26"]
[Round "3.8"]
[White "Svidler, Peter"]
[Black "Salem, A.R. Saleh"]
[Result "0-1"]
[WhiteTitle "GM"]
[BlackTitle "GM"]
[WhiteElo "2714"]
[BlackElo "2682"]
[WhiteFideId "4102142"]
[BlackFideId "9301348"]
[EventDate "2021.06.26"]

1. c4 e6 2. g3 d5 3. Bg2 Nf6 4. Nf3 d4 5. O-O c5 6. e3 Nc6 7. exd4 cxd4 8. d3
Bd6 9. Bg5 h6 10. Bxf6 Qxf6 11. Nbd2 Qe7 12. a3 a5 13. Re1 O-O 14. Ne4 Bc7 15.
c5 Rd8 16. Rc1 Bd7 17. Nfd2 Ne5 18. Nc4 Nxc4 19. Rxc4 Bb5 20. Rc1 a4 21. Re2
Rab8 22. b4 axb3 23. Qxb3 Bc6 24. Nd2 Ba5 25. Bxc6 bxc6 26. Qa4 Bxd2 27. Rxd2
Rb5 28. Qc4 Rd5 29. Rdc2 Qa7 30. a4 Ra5 31. Qb4 Rxa4 32. Qb6 Ra6 33. Qxa7 Rxa7
34. Kf1 Ra5 35. Ke2 Re5+ 36. Kd2 g5 37. h3 Kg7 38. Rc4 Rd5 39. R1c2 Kf6 40. Rb4
Ra1 41. Ke2 h5 42. Rb6 g4 43. hxg4 hxg4 44. f3 Rh5 0-1

[Event "Goldmoney Asian Prelim"]
[Site "chess24.com INT"]
[Date "2021.06.26"]
[Round "4.1"]
[White "Aronian, Levon"]
[Black "Salem, A.R. Saleh"]
[Result "1/2-1/2"]
[WhiteTitle "GM"]
[BlackTitle "GM"]
[WhiteElo "2781"]
[BlackElo "2682"]
[WhiteFideId "13300474"]
[BlackFideId "9301348"]
[EventDate "2021.06.26"]

1. c4 e6 2. g3 d5 3. Bg2 Nf6 4. Nf3 d4 5. d3 Bb4+ 6. Nbd2 a5 7. O-O O-O 8. Ne4
Nxe4 9. dxe4 Nc6 10. e5 a4 11. Qc2 f6 12. exf6 gxf6 13. Bh6 Rf7 14. Rad1 Ra5 15.
e3 e5 16. Nh4 Bg4 17. Bf3 Qd7 18. Qe2 Bxf3 19. Qxf3 f5 20. exd4 exd4 21. a3 Be7
22. Rfe1 Rc5 23. Bf4 Rxc4 24. Qh5 d3 25. Nf3 Re4 26. Bh6 Qe6 27. Re3 Rxe3 28.
Bxe3 Qg6 29. Qxg6+ hxg6 30. Rxd3 Bf6 31. b3 axb3 32. Rxb3 b6 33. a4 Rd7 34. h4
Rd1+ 35. Kg2 Ra1 36. Bf4 Rxa4 37. Bxc7 Ra7 38. Bxb6 Rb7 39. Nd2 Bd8 40. Bxd8
Rxb3 41. Nxb3 Nxd8 42. Nd4 Kg7 43. h5 Nf7 44. Kf3 Kf6 45. hxg6 Ne5+ 46. Ke3 Nxg6
47. Ne2 Ne5 48. Nf4 Ng4+ 49. Ke2 Ne5 50. Nd5+ Ke6 51. Ne3 Kf6 52. Nd1 Ng6 53.
Kf3 Kg5 54. Nc3 Ne5+ 55. Ke3 Ng4+ 56. Ke2 Nxf2 57. Kxf2 f4 58. gxf4+ Kxf4 1/2-1/2

[Event "Goldmoney Asian Prelim"]
[Site "chess24.com INT"]
[Date "2021.06.26"]
[Round "4.2"]
[White "Carlsen, Magnus"]
[Black "Svidler, Peter"]
[Result "1-0"]
[WhiteTitle "GM"]
[BlackTitle "GM"]
[WhiteElo "2847"]
[BlackElo "2714"]
[WhiteFideId "1503014"]
[BlackFideId "4102142"]
[EventDate "2021.06.26"]

1. e4 c5 2. Nf3 d6 3. d4 cxd4 4. Nxd4 Nf6 5. Nc3 a6 6. b3 e5 7. Nde2 Be6 8. g3
h5 9. h3 Nbd7 10. Bg2 Rc8 11. O-O h4 12. g4 Qc7 13. Be3 Be7 14. Nd5 Bxd5 15.
exd5 O-O 16. c4 b5 17. cxb5 axb5 18. a4 bxa4 19. bxa4 Qa5 20. Bg5 Rc4 21. Bxh4
Ra8 22. Ng3 g6 23. Bg5 Rxa4 24. Rxa4 Qxa4 25. Qxa4 Rxa4 26. Be3 Nc5 27. Rb1 Nfd7
28. g5 Ra3 29. h4 Ra4 30. Bh3 Kf8 31. h5 gxh5 32. Nf5 Ra3 33. Kg2 Nb3 34. Ng3 h4
35. Nf5 Ndc5 36. Bg4 h3+ 37. Bxh3 Ne4 38. Bg4 Bxg5 39. Bxg5 Nxg5 40. Bd1 1-0

[Event "Goldmoney Asian Prelim"]
[Site "chess24.com INT"]
[Date "2021.06.26"]
[Round "4.3"]
[White "Giri, Anish"]
[Black "So, Wesley"]
[Result "1-0"]
[WhiteTitle "GM"]
[BlackTitle "GM"]
[WhiteElo "2780"]
[BlackElo "2770"]
[WhiteFideId "24116068"]
[BlackFideId "5202213"]
[EventDate "2021.06.26"]

1. e4 e5 2. Nf3 Nc6 3. Bb5 Nf6 4. O-O Nxe4 5. Re1 Nd6 6. Nxe5 Be7 7. Bf1 Nxe5 8.
Rxe5 O-O 9. d4 Bf6 10. Re1 Re8 11. c3 Rxe1 12. Qxe1 Ne8 13. Nd2 d5 14. Nb3 c6
15. Bf4 g6 16. Qe3 Ng7 17. Re1 Bf5 18. Nc5 Qb6 19. b4 a5 20. a3 axb4 21. axb4 h5
22. h3 Re8 23. Qxe8+ Nxe8 24. Rxe8+ Kg7 25. Bb8 Bxd4 26. cxd4 g5 27. Be5+ Kg6
28. Rg8+ Kh6 29. Rb8 1-0

[Event "Goldmoney Asian Prelim"]
[Site "chess24.com INT"]
[Date "2021.06.26"]
[Round "4.6"]
[White "Artemiev, Vladislav"]
[Black "Vidit, Santosh Gujrathi"]
[Result "1/2-1/2"]
[WhiteTitle "GM"]
[BlackTitle "GM"]
[WhiteElo "2704"]
[BlackElo "2726"]
[WhiteFideId "24101605"]
[BlackFideId "5029465"]
[EventDate "2021.06.26"]

1. Nf3 Nf6 2. g3 c5 3. Bg2 Nc6 4. O-O e5 5. d3 d5 6. Nbd2 Be7 7. e4 O-O 8. Re1
d4 9. Nc4 Qc7 10. a4 Ne8 11. Bd2 Be6 12. b3 Rd8 13. Rf1 b6 14. Ng5 Bxg5 15. Bxg5
f6 16. Bd2 Nd6 17. f4 exf4 18. gxf4 f5 19. e5 Ne8 20. Rf3 Bd5 21. Rg3 Bxg2 22.
Rxg2 Ne7 23. b4 cxb4 24. Bxb4 Rf7 25. Qf3 Qc6 26. Qxc6 Nxc6 27. Bd6 Nc7 28. Bxc7
Rxc7 29. Nd6 Ne7 30. Rb1 Nd5 31. Nxf5 Nxf4 32. Rg4 Ne6 33. Rg2 Rd5 34. Rf1 g6
35. Nh6+ Kg7 36. Nf5+ Kh8 37. Nd6 Kg8 38. Ne8 Rxe5 39. Nxc7 Nxc7 40. Rgf2 Nd5
41. Rf8+ Kg7 42. R1f7+ Kh6 43. Rh8 Kg5 44. Rhxh7 Kg4 45. Kf2 Nf4 46. Rxf4+ Kxf4
47. Rh4+ Kf5 48. Rxd4 Rc5 49. c4 Ra5 50. Ke3 Rxa4 51. Rf4+ Ke6 52. Re4+ Kf6 53.
Kd4 Ra5 54. Re2 Rh5 55. Ra2 Rh7 56. Kc3 Ke6 57. d4 a5 58. Rg2 Rh3+ 59. Kc2 Kd7
60. Rf2 a4 61. Rg2 a3 62. d5 g5 63. Rxg5 Rxh2+ 64. Kb3 a2 65. Rg7+ Kd6 66. Ra7
Kc5 67. Rxa2 Rxa2 68. Kxa2 b5 69. cxb5 Kxb5 70. Kb3 Kc5 71. d6 Kxd6 1/2-1/2

[Event "Goldmoney Asian Prelim"]
[Site "chess24.com INT"]
[Date "2021.06.26"]
[Round "5.3"]
[White "Vidit, Santosh Gujrathi"]
[Black "Adhiban, Baskaran"]
[Result "1-0"]
[WhiteTitle "GM"]
[BlackTitle "GM"]
[WhiteElo "2726"]
[BlackElo "2660"]
[WhiteFideId "5029465"]
[BlackFideId "5018471"]
[EventDate "2021.06.26"]

1. d4 Nf6 2. c4 g6 3. Nc3 Bg7 4. e4 d6 5. Nf3 O-O 6. Be2 e5 7. O-O Nc6 8. d5 Ne7
9. b4 a5 10. bxa5 Rxa5 11. a4 Ra8 12. Ra3 Kh8 13. Re1 Nd7 14. h3 Ng8 15. Bg5 Bf6
16. Be3 Bg7 17. Qc1 f5 18. exf5 gxf5 19. Bg5 Bf6 20. Nb5 Nc5 21. Be3 Na6 22. Nh2
Ne7 23. f4 Ng6 24. fxe5 dxe5 25. Bh6 Rg8 26. Kh1 Nc5 27. g4 Ne4 28. Rf1 Rxa4 29.
Rxa4 Ng3+ 30. Kg2 Nxe2 31. Qe3 Nef4+ 32. Kh1 c6 33. dxc6 bxc6 34. Nc3 Bg5 35.
Bxg5 Qxg5 36. Ra7 Qh6 37. Ne2 fxg4 38. Nxf4 exf4 39. Qd4+ Rg7 40. Qd8+ Rg8 41.
Qf6+ Rg7 42. Re1 1-0

[Event "Goldmoney Asian Prelim"]
[Site "chess24.com INT"]
[Date "2021.06.26"]
[Round "5.7"]
[White "Svidler, Peter"]
[Black "Giri, Anish"]
[Result "1-0"]
[WhiteTitle "GM"]
[BlackTitle "GM"]
[WhiteElo "2714"]
[BlackElo "2780"]
[WhiteFideId "4102142"]
[BlackFideId "24116068"]
[EventDate "2021.06.26"]

1. e4 e5 2. Nf3 Nc6 3. Bc4 Nf6 4. d3 Bc5 5. O-O d6 6. c3 O-O 7. Re1 a5 8. b3 Bb6
9. h3 Ne7 10. d4 Ng6 11. Nbd2 c6 12. Bf1 Bc7 13. Bb2 Re8 14. Qc2 d5 15. exd5
Nxd5 16. dxe5 Nxe5 17. c4 Nb4 18. Qc3 f6 19. a3 Na6 20. Qc2 g6 21. Nxe5 Bxe5 22.
Bxe5 fxe5 23. Qc3 Bf5 24. g4 Bd7 25. Ne4 Qe7 26. g5 Kh8 27. Nf6 Nc5 28. f4 Ne6
29. Rxe5 Qg7 1-0

[Event "Goldmoney Asian Prelim"]
[Site "chess24.com INT"]
[Date "2021.06.26"]
[Round "5.8"]
[White "Salem, A.R. Saleh"]
[Black "Carlsen, Magnus"]
[Result "0-1"]
[WhiteTitle "GM"]
[BlackTitle "GM"]
[WhiteElo "2682"]
[BlackElo "2847"]
[WhiteFideId "9301348"]
[BlackFideId "1503014"]
[EventDate "2021.06.26"]

1. d4 d5 2. c4 c6 3. Nc3 Nf6 4. Nf3 e6 5. g3 Nbd7 6. Bg2 dxc4 7. a4 a5 8. O-O
Bd6 9. b3 cxb3 10. Qxb3 O-O 11. Rd1 Qe7 12. Nh4 Nd5 13. Nb1 Bb4 14. e4 N5b6 15.
Nc3 e5 16. Ne2 exd4 17. Nf5 Qe6 18. Qb1 Nc5 19. Nexd4 Qf6 20. Bf4 Bxf5 21. Nxf5
Rfd8 22. Rxd8+ Qxd8 23. Be5 Ne6 24. Qb3 Qe8 25. Rc1 Rd8 26. Qe3 Bd2 27. Qa3 Bxc1
28. Qxc1 Qd7 29. Bf3 Qd2 30. Qa1 Ng5 31. Bf4 Qe1+ 0-1

[Event "Goldmoney Asian Prelim"]
[Site "chess24.com INT"]
[Date "2021.06.27"]
[Round "6.1"]
[White "Aronian, Levon"]
[Black "Carlsen, Magnus"]
[Result "1-0"]
[WhiteTitle "GM"]
[BlackTitle "GM"]
[WhiteElo "2781"]
[BlackElo "2847"]
[WhiteFideId "13300474"]
[BlackFideId "1503014"]
[EventDate "2021.06.26"]

1. e4 c5 2. Nf3 Nc6 3. Bb5 g6 4. Nc3 Bg7 5. d3 d6 6. e5 dxe5 7. Bxc6+ bxc6 8.
O-O c4 9. Re1 Qd6 10. Bg5 cxd3 11. cxd3 Bg4 12. Ne4 Qd5 13. Rc1 Nf6 14. h3 Nxe4
15. dxe4 Qxd1 16. Rexd1 Bd7 17. Ne1 f6 18. Be3 a5 19. Nd3 Be6 20. b3 Kf7 21. Nc5
Rhc8 22. Rc2 Rc7 23. Rdc1 Bc8 24. Na4 Bb7 25. Bb6 Rcc8 26. Nc5 Bh6 27. Rd1 Ba6
28. Bxa5 Bb5 29. b4 Rcb8 30. a4 Ba6 31. g3 Bc8 32. Kg2 f5 33. Rc4 Ra7 34. Rd8
fxe4 35. Rxe4 Bg7 36. g4 h5 37. Rc4 hxg4 38. hxg4 Bf6 39. f3 Rba8 40. Ne4 Bb7
41. Rd7 c5 42. Nxc5 Bc6 43. Rxa7 Rxa7 44. Bb6 Ra8 45. b5 Bd5 46. Rc2 Bg5 47. a5
Be3 48. Nd7 Bf4 49. Re2 Ke6 50. Nc5+ Kf7 51. Ne4 Rc8 52. a6 Rb8 53. Bg1 Rxb5 54.
Nc3 Ra5 55. Nxd5 Rxd5 56. Ra2 Rd8 57. a7 Ra8 58. Rb2 e4 59. fxe4 Ke6 60. Kf3 Bd6
61. Rb7 Ke5 62. Bh2+ Kd4 63. Bxd6 exd6 64. Kf4 Rf8+ 65. Kg5 Ra8 66. Re7 1-0

[Event "Goldmoney Asian Prelim"]
[Site "chess24.com INT"]
[Date "2021.06.27"]
[Round "6.2"]
[White "Giri, Anish"]
[Black "Salem, A.R. Saleh"]
[Result "1/2-1/2"]
[WhiteTitle "GM"]
[BlackTitle "GM"]
[WhiteElo "2780"]
[BlackElo "2682"]
[WhiteFideId "24116068"]
[BlackFideId "9301348"]
[EventDate "2021.06.26"]

1. e4 c5 2. Nf3 d6 3. Bb5+ Nd7 4. O-O a6 5. Bxd7+ Bxd7 6. a4 Nf6 7. e5 dxe5 8.
Nxe5 e6 9. d3 Bd6 10. Bf4 Bxe5 11. Bxe5 Bc6 12. Qe2 O-O 13. a5 Nd5 14. Nd2 f6
15. Bg3 e5 16. f3 Nc7 17. f4 exf4 18. Bxf4 Qd4+ 19. Qf2 Ne6 20. Be3 Qg4 21. Qg3
Qxg3 22. hxg3 Rfe8 23. Rfe1 Rad8 24. Nc4 Kf7 25. Kf2 Rd5 26. b3 Red8 27. Re2
Rf5+ 28. Kg1 Nd4 29. Bxd4 Rxd4 30. Rae1 Rg5 31. Rf2 Kg6 32. Re6 Bd5 33. Re7 Bc6
34. Ne3 h5 35. Rf4 Rd7 36. Rxd7 Bxd7 37. Kf2 Re5 38. Nc4 Re7 39. Ne3 Re5 40. Nc4
Re7 41. Ne3 Re5 1/2-1/2